000 01270nam a22002535i 4500
001 164340
003 ES-MaACL
005 20251015063145.0
008 951113m18401841sp f |||| | spa d
040 _aCARM
_bspa
_cCCPB | SIC
080 _a94(44)
100 1 _aCassé de Saint-Prosper, Antoine-Jean,
_d1790-1841
_9149957
245 1 0 _aHistoria de Francia, desde los tiempos mas remotos hasta 1839 /
_cpor A.-J.-C. Saint-Prosper ; adornada con setenta hermosas láminas grabadas en acero, que representan los trages civiles, militares y religiosos de los franceses ... y embellecida con un hermoso Atlas geográfico-histórico ... dirigido por A. Houzé ; traducida por M.O. y J.C.
260 _aBarcelona :
_b[s.n.],
_c1840-1841 (
_fImprenta de Brusi)
300 _a3 v.( 606 p., 16 h. de lám; 720 p., h. de lám. 17-48; 714 p., h. de lám. 49-70 ) ;
_c22 cm.
490 1 _aEl mundo, historia de todos los pueblos ;
_v3,-5
594 _aJ.C. es Criptónimo de Juan Cortada.
651 4 _aFrancia-
_xHistoria
_98679
700 1 _aCortada, Juan (
_d1805-1868)
_9149955
700 1 _aHouzé, A.
_964368
830 0 _aEl mundo, historia de todos los pueblos ;
_v3,-5
_9182426
852 _aES-MaACL
_jD-4091-93
_z-- Enc. hol.
999 _c164340
_d164340